00417nam a2200193Ia 4500003000900000008004100009040001300050040001300063041000800076100002400084245003400108250001200142260001200154260000900166300001100175300001000186490002000196490000700216IT-RoPAU120407s9999 xx 000 0 und d aIT-RoPAU cIT-RoPAU aita aCharles Harold Dodd aLe parabole del Regno 2a ed.  aBrescia aPaideia c1976 a203 p. c21 cm a Studi biblici  v10